[Event "Barcelona Sant Marti op-B 23rd"]
[Site "Barcelona"]
[Date "2023.07.20"]
[Round "8"]
[White "Mayurkumar Gandhi, Ram"]
[Black "Rincon Manzano, Juan"]
[Result "0-1"]
[WhiteElo "1326"]
[BlackElo "1366"]
[PlyCount "82"]
[EventDate "2023.07.13"]
[EventType "swiss"]
[EventRounds "9"]
[EventCountry "ESP"]
[SourceTitle "CBM 215 Extra"]
[Source "ChessBase"]
[SourceDate "2023.09.30"]
[SourceVersion "1"]
[SourceVersionDate "2023.09.30"]
[SourceQuality "1"]

1. d4 Nf6 2. Nc3 d5 3. Bg5 e6 4. Bxf6 Qxf6 5. e3 Bb4 6. Bb5+ Bd7 7. Bxd7+ Nxd7 8. Qd3 c6 9. Nf3 0-0 10. a3 Bxc3+ 11. Qxc3 Rfc8 12. Ne5 Nxe5 13. dxe5 Qg6 14. 0-0-0 Qxg2 15. Rhg1 Qxf2 16. Qd2 Qxd2+ 17. Rxd2 g6 18. h4 Rf8 19. h5 Kg7 20. Rf2 Rad8 21. hxg6 hxg6 22. Rh1 Rh8 23. Rxh8 Rxh8 24. Rd2 Rh5 25. e4 Rxe5 26. exd5 Re1+ 27. Rd1 Rxd1+ 28. Kxd1 cxd5 29. b4 g5 30. a4 Kf6 31. b5 Kf5 32. a5 Ke4 33. b6 a6 34. c3 g4 35. Kc2 g3 36. Kb3 g2 37. Kb4 g1Q 38. c4 Kd4 39. c5 Qb1+ 40. Ka4 Kc4 41. Ka3 Qb3# 0-1

[Event "Barcelona Sant Marti op-B 23rd"]
[Site "Barcelona"]
[Date "2023.07.13"]
[Round "1"]
[White "Infiesta Aguila, Agusti"]
[Black "Rincon Manzano, Juan"]
[Result "1-0"]
[WhiteElo "1732"]
[BlackElo "1366"]
[PlyCount "55"]
[EventDate "2023.07.13"]
[EventType "swiss"]
[EventRounds "9"]
[EventCountry "ESP"]
[SourceTitle "CBM 215 Extra"]
[Source "ChessBase"]
[SourceDate "2023.09.30"]
[SourceVersion "1"]
[SourceVersionDate "2023.09.30"]
[SourceQuality "1"]

1. c4 Nf6 2. Nc3 e6 3. e4 d6 4. d4 Be7 5. Nf3 0-0 6. Bd3 Nbd7 7. e5 dxe5 8. dxe5 Ne8 9. Be3 g6 10. Qe2 Ng7 11. Rd1 c5 12. 0-0 a6 13. Rd2 Qc7 14. Bf4 b6 15. Rfd1 Rd8 16. h3 Bb7 17. Be4 Bxe4 18. Nxe4 Nh5 19. Bh2 Qc6 20. Nd6 Nf8 21. Qe3 Rd7 22. Ng5 Bxg5 23. Qxg5 Ng7 24. Qf6 Qc7 25. g4 Ne8 26. Nxe8 Rxe8 27. Bf4 Rxd2 28. Bh6 1-0